NATURAL RUBBER NEWS (Record no. 401)
[ view plain ]
| 000 -LEADER | |
|---|---|
| fixed length control field | 00562nam a2200145Ia 4500 |
| 022 ## - INTERNATIONAL STANDARD SERIAL NUMBER | |
| ISSN | 0028-0755 |
| 245 #0 - TITLE STATEMENT | |
| Title | NATURAL RUBBER NEWS |
| 260 ## - PUBLICATION, DISTRIBUTION, ETC. (IMPRINT) | |
| Name of publisher | Malaysian Rubber Research and Development Board, Kuala Lumpur |
| Place of publication | Malaysia |
| 310 ## - CURRENT PUBLICATION FREQUENCY | |
| Current publication frequency | BM |
| 500 ## - GENERAL NOTE | |
| General note | Ending Volume & Year: 1980, |
| 500 ## - GENERAL NOTE | |
| General note | Missing Volume: 1950(Jan,May);1954(Sep);1956(Nov);1958(Aug);1959(Jun);1960(Jun);1964(Jan-Feb,Jun);1965;1967(June);1969(Jul,Dec);1973;1974;1978(Dec);1980(Nov-Dec) |
| 500 ## - GENERAL NOTE | |
| General note | Starting Volume & Year: 1950, |
| 942 ## - ADDED ENTRY ELEMENTS (KOHA) | |
| Koha item type | Bound Journal |
| Withdrawn status | Lost status | Damaged status | Not for loan | Home library | Current library | Date acquired | Accession Number | Koha item type |
|---|---|---|---|---|---|---|---|---|
| Bound journals | RRII Library | RRII Library | 31/12/2021 | 00390J | Bound Journal |